[Event "Ustron op-C"]
[Site "Ustron"]
[Date "2021.08.14"]
[Round "1"]
[White "Bartnik, Michal"]
[Black "Bogacki, Maciej"]
[Result "1-0"]
[WhiteElo "1581"]
[BlackElo "1217"]
[PlyCount "59"]
[EventDate "2021.08.13"]
[EventType "swiss"]
[EventRounds "9"]
[EventCountry "POL"]
[SourceTitle "EXT 2022"]
[Source "ChessBase"]
[SourceDate "2021.10.06"]
[SourceVersion "1"]
[SourceVersionDate "2021.10.06"]
[SourceQuality "1"]

1. e4 c5 2. Nf3 d6 3. d4 cxd4 4. Qxd4 Nc6 5. Bb5 Bd7 6. Bxc6 bxc6 7. Nc3 e5 8. Qd3 Be7 9. Be3 Nf6 10. h3 a5 11. Bg5 Be6 12. 0-0 h6 13. Bh4 g5 14. Bg3 Nh5 15. Ne2 Nxg3 16. Nxg3 h5 17. Kh2 g4 18. Ng1 Rb8 19. b3 Bg5 20. N1e2 gxh3 21. gxh3 Qd7 22. Nf5 Bxf5 23. exf5 d5 24. Rg1 Bf6 25. Qf3 Qd6 26. Rae1 Qa3 27. Kh1 Qxa2 28. Qc3 Kd7 29. Ra1 d4 30. Qc4 1-0

[Event "Warsaw Najdorf Memorial op-B"]
[Site "Warsaw"]
[Date "2021.07.18"]
[Round "9"]
[White "Janik, Marcin1111"]
[Black "Bartnik, Michal"]
[Result "1/2-1/2"]
[WhiteElo "1705"]
[BlackElo "1407"]
[PlyCount "78"]
[EventDate "2021.07.10"]
[EventType "swiss"]
[EventRounds "9"]
[EventCountry "POL"]
[SourceTitle "EXT 2022"]
[Source "ChessBase"]
[SourceDate "2021.10.06"]
[SourceVersion "1"]
[SourceVersionDate "2021.10.06"]
[SourceQuality "1"]

1. d4 d5 2. c4 e6 3. g3 Nf6 4. Bg2 Be7 5. Nf3 0-0 6. 0-0 Nbd7 7. Nbd2 c6 8. Qc2 b6 9. e4 Bb7 10. e5 Ne8 11. b3 Rc8 12. Bb2 c5 13. Qd1 f5 14. exf6 Bxf6 15. Qe2 Nc7 16. Ne5 Qe7 17. Rfe1 Rfe8 18. Rac1 Bxe5 19. dxe5 Ba8 20. cxd5 exd5 21. f4 b5 22. h3 c4 23. Qe3 Na6 24. bxc4 bxc4 25. Ba3 Qe6 26. Nf3 Qb6 27. Qxb6 axb6 28. Nd4 Nac5 29. Rb1 Rb8 30. Nb5 Rec8 31. Na7 Rc7 32. Nb5 Rcc8 33. Na7 Re8 34. Nb5 Nd3 35. Re2 Rec8 36. Na7 Re8 37. Nb5 N7c5 38. Nc7 Red8 39. Nxa8 Rxa8 1/2-1/2